000 00955nam a2200241Ia 4500
008 0000002009 ck ad 0000000000spa00
090 _aPSZ00 B15r
110 1 _aBanco de la República. Bogotá
245 1 0 _aRoger Pfund
_b: pintura y billetes
_c/ Banco de la República ; textos Atelier Roger Pfund
300 _a1 plegable [4] p.
_c/ 28 cm.
440 _aGuía de estudio ; 89
500 _aExposición realizada en Casa de Moneda, Bogotá, septiembre 10 noviembre 30, 2009 \ Proyecto Ganador Programa Apoyos Concertados FGAA 2010
600 0 0 _aPFUND, ROGER, 1943/
_xTRABAJOS PICTORICOS
650 1 4 _aARTE CONTEMPORANEO SUIZO
650 1 4 _aARTISTAS PLASTICOS SUIZOS
650 1 4 _xCATALOGOS
650 1 4 _xEXPOSICIONES
650 1 4 _aPINTORES SUIZOS
650 1 4 _aPINTURA (TECNICA MIXTA)
650 1 4 _aPINTURA SUIZA
700 1 _aPfund, Roger, 1943
999 _c11374
_d11374
260 _aBogotá : Banco de la Republica, Casa de la Moneda
_c2009